| Tag |
First Indicator |
Second Indicator |
Subfields |
| LEADER |
00000cam a22000004a 4500 |
| 001 |
in00001655721 |
| 005 |
20151023092314.0 |
| 008 |
010108s2001 enk b 001 0 eng |
| 010 |
|
|
|a 2001018071
|
| 020 |
|
|
|a 0415254698
|
| 020 |
|
|
|a 0415254701 (pbk.)
|
| 035 |
|
|
|a (OCoLC)ocm45714768
|
| 040 |
|
|
|a DLC
|c DLC
|d C#P
|d TXA
|d UtOrBLW
|
| 042 |
|
|
|a pcc
|
| 049 |
|
|
|a TXAM
|
| 050 |
0 |
4 |
|a HF1411
|b .M354 2001
|
| 082 |
0 |
0 |
|a 338.9
|2 21
|
| 245 |
0 |
4 |
|a The market or the public domain? :
|b global governance and the asymmetry of power /
|c edited by Daniel Drache.
|
| 264 |
|
1 |
|a London ;
|a New York :
|b Routledge,
|c 2001.
|
| 300 |
|
|
|a xiv, 394 pages ;
|c 24 cm.
|
| 336 |
|
|
|a text
|b txt
|2 rdacontent
|
| 337 |
|
|
|a unmediated
|b n
|2 rdamedia
|
| 338 |
|
|
|a volume
|b nc
|2 rdacarrier
|
| 490 |
1 |
|
|a Innis centenary series
|
| 504 |
|
|
|a Includes bibliographical references and index.
|
| 650 |
|
0 |
|a Commercial policy.
|
| 650 |
|
0 |
|a Democracy.
|
| 650 |
|
0 |
|a Industrial policy.
|
| 650 |
|
0 |
|a Capitalism.
|
| 650 |
|
0 |
|a Free trade.
|
| 650 |
|
0 |
|a International trade.
|
| 650 |
|
0 |
|a Commercial law.
|
| 650 |
|
0 |
|a International law.
|
| 610 |
2 |
0 |
|a World Trade Organization.
|
| 700 |
1 |
|
|a Drache, Daniel,
|d 1941-
|
| 830 |
|
0 |
|a Innis centenary series.
|
| 994 |
|
|
|a E0
|b TXA
|
| 948 |
|
|
|a cataloged
|b h
|c 2001/11/12
|d c
|e bwalker
|f 8:34:19 am
|
| 999 |
|
|
|a MARS
|
| 999 |
f |
f |
|s 9aacecf2-8849-3468-a7b8-76ff4581d6dc
|i 9d9242cd-61b0-3740-9dda-dd4f836560c9
|t 0
|
| 952 |
f |
f |
|p ric
|a Texas A&M University
|b Rellis Campus
|c Joint Library Facility
|d Remote Storage
|t 0
|e HF1411 .M354 2001
|h Library of Congress classification
|i unmediated -- volume
|m A14828263695
|
| 998 |
f |
f |
|a HF1411 .M354 2001
|t 0
|l Remote Storage
|